Nové postupy účtovania v rozpočtových a príspevkových organizáciách
Vplyv zákona č. 431/2002 Z.z. o účtovníctve, ktorý nadobudol účinnosť 1. januára 2003 na účtovníctvo rozpočtových a príspevkových organizácií. Opatrenia MF SR č. 23340/2002-92, č. 1407/2003-95 a Pokyn MF SR č. 4739/2003-91.
Gespeichert in:
| 1. Verfasser: | |
|---|---|
| Format: | Buchkapitel |
| Sprache: | Slowakisch |
| Schlagworte: | |
| Tags: |
Keine Tags, Fügen Sie das erste Tag hinzu!
|
MARC
| LEADER | 00000naa a2200000 4500 | ||
|---|---|---|---|
| 001 | r048761 | ||
| 005 | 20230720081647.1 | ||
| 041 | 0 | |a slo | |
| 044 | |a SK | ||
| 245 | 1 | 0 | |a Nové postupy účtovania v rozpočtových a príspevkových organizáciách |c Miriam Majorová |
| 520 | |a Vplyv zákona č. 431/2002 Z.z. o účtovníctve, ktorý nadobudol účinnosť 1. januára 2003 na účtovníctvo rozpočtových a príspevkových organizácií. Opatrenia MF SR č. 23340/2002-92, č. 1407/2003-95 a Pokyn MF SR č. 4739/2003-91. | ||
| 610 | 2 | 0 | |a účtovníctvo |
| 610 | 2 | 0 | |a zákony |
| 610 | 2 | 0 | |a organizácie príspevkové |
| 610 | 2 | 0 | |a organizácie rozpočtové |
| 610 | 2 | 0 | |a účtovanie |
| 610 | 2 | 0 | |a 2002 |
| 100 | 1 | |a Majorová, Miriam | |